Biggest Cities in Puducherry - Statistics

General Stats
  • This quiz has been taken 21 times
  • The average score is 3 of 10
Answer Stats
Population City % Correct
244,377 Puducherry
100%
86,838 Karaikal
47%
41,816 Mahé
47%
55,626 Yanam
33%
29,808 Ariankuppam
13%
34,383 Villianur
13%
32,871 Kurumbapet
7%
15,666 Manavely
0%
300,104 Ozhukarai
0%
11,264 Thirumalairayanpattinam
0%
No matching quizzes found
Score Distribution
Percent of People with Each Score
Percentile by Number Answered
Your Score History
You have not taken this quiz